Normal view MARC view
  • Cornejo Montaño, Gabriela Elizabeth

Entry Nombre Personal

Number of records used in: 2

001 - NUMERO DE CONTROL

  • campo de control: 60002

003 - IDENTIFICADOR DE NUMERO DE CONTROL

  • campo de control: UPN

005 - FECHA Y HORA DE LA ÜLTIMA TRANSACCIÓN

  • campo de control: 20260617121405.0

008 - DATOS DE LONGITUD FIJA

  • campo de control de longitud fija: 260617|| acn||aabn | a|a d

024 7# - OTROS IDENTIFICADORES NORMALIZADOS

  • Fuente: orcid
  • Número normalizado o código: https://orcid.org/0009-0001-4419-0753

040 ## - FUENTE DE CATALOGACIÓN

  • Agencia original de catalogación: MX-MxUPN

100 1# - ENCABEZAMIENTO - NOMBRE PERSONAL

  • Nombre personal: Cornejo Montaño, Gabriela Elizabeth

370 ## - LUGAR ASOCIADO

  • Associated country: Ecuador

373 ## - GRUPO ASOCIADO

  • Associated group: Universidad Técnica Particular de Loja

374 ## - OCUPACIÓN

  • Occupation: Docencia e investigación universitarias

670 ## - FUENTE EN LA QUE SE LOCALIZARON DATOS

  • Cita de la fuente: En recurso en línea: REIFOP, Vol. 28, no. 2 (2025)
  • Información localizada: (Gabriela Elizabeth Cornejo Montaño)
  • Uniform Resource Identifier: https://revistas.um.es/reifop/article/view/661611/382241

902 ## - CATALOGADOR

  • Catalogador: Leonor Sotres/170626